Bí mật cung đình = Cung đình hắc mộ
সংরক্ষণ করুন:
| প্রধান লেখক: | |
|---|---|
| বিন্যাস: | গ্রন্থ |
| ভাষা: | Undetermined |
| প্রকাশিত: |
Thành phố Hồ Chí Minh
Lao Động
2004
|
| বিষয়গুলি: | |
| ট্যাগগুলো: |
ট্যাগ যুক্ত করুন
কোনো ট্যাগ নেই, প্রথমজন হিসাবে ট্যাগ করুন!
|
| Thư viện lưu trữ: | Trung tâm Học liệu Trường Đại học Cần Thơ |
|---|
| LEADER | 00663nam a2200205Ia 4500 | ||
|---|---|---|---|
| 001 | CTU_92953 | ||
| 008 | 210402s9999 xx 000 0 und d | ||
| 020 | |c 32000 | ||
| 082 | |a 895.13081 | ||
| 082 | |b H309 | ||
| 100 | |a Văn, Hiểu | ||
| 245 | 0 | |a Bí mật cung đình = | |
| 245 | 0 | |b Cung đình hắc mộ | |
| 245 | 0 | |c Văn Hiểu và Lý Lập ; Nguyễn Thị Hà Thương (biên dịch) | |
| 260 | |a Thành phố Hồ Chí Minh | ||
| 260 | |b Lao Động | ||
| 260 | |c 2004 | ||
| 650 | |a Historical fiction, chinese ( vietnamese ) | ||
| 904 | |i Minh, Q. Hieu | ||
| 980 | |a Trung tâm Học liệu Trường Đại học Cần Thơ | ||